000 00422nam a2200157 i 4500
001 93132
003 ES-MaACL
005 20230906181130.0
007 t|
008 050407s1941 gw ||||1| ger d
100 1 _aLoerke, Oskar von.
_973101
245 1 0 _aDer Steinpfad /
_cOskar von Loerke.
260 _aLeipzig :
_bJohannes Asmus-Verlag,
_c1941.
300 _a35 p. ;
_c21 cm.
852 _aES-MaACL
_j1829-F-6
_bR.19335
999 _c93132
_d93132